Score 0/70 Timer 20:00
0 Plays Today
% Correct
Jimmy McNulty
96%
William 'Bunk' Moreland
91%
Russell 'Stringer' Bell
81.3%
Omar Little
81.1%
Lester Freamon
80.8%
Avon Barksdale
80.3%
Shakima Greggs
80.2%
Cedric Daniels
79.5%
Reginald 'Bubbles' Cousins
77.9%
Thomas 'Herc' Hauk
77.7%
Roland 'Prez' Pryzbylewski
75.4%
Proposition Joe
71.5%
'The Greek'
71.5%
D'Angelo Barksdale
71.4%
Ellis Carver
71.2%
Roland 'Wee-Bey' Brice
69.4%
Howard 'Bunny' Colvin
69.1%
Malik 'Poot' Carr
68%
Preston 'Bodie' Broadus
67.7%
Marlo Stanfield
67.7%
Frank Sobotka
66.9%
Thomas 'Tommy' Carcetti
66.3%
Felicia 'Snoop' Pearson
66.2%
William Rawls
65.2%
Chester 'Ziggy' Sobotka
65%
Dennis 'Cutty' Wise
64.2%
Melvin 'Cheese' Wagstaff
63.4%
Michael Lee
61%
Chris Partlow
60.8%
R. Clayton Davis
59.9%
Slim Charles
57.7%
Duquan 'Dukie' Weems
55.2%
Nick Sobotka
54.9%
Beatrice 'Beadie' Russell
53.8%
Ervin Burrell
53.7%
% Correct
Rhonda Pearlman
53.2%
Brother Mouzone
51.7%
Randy Wagstaff
50.6%
Leander Sydnor
49.7%
Jay Landsman
49.7%
Maurice Levy
49%
Stanislaus Valchek
48.8%
Namond Brice
47%
Thomas ‘Horseface’ Pakusa
45.8%
Sergei Malatov
44.3%
Spiros 'Vondas' Vondopolous
43.5%
Butchie
41.9%
Clarence Royce
41.3%
Johnny Weeks
39.9%
Marla Daniels
36.8%
Judge Daniel Phelan
30.6%
Kenard
29.7%
Brianna Barksdale
29.1%
Augustus Haynes
27.3%
Walon
26.7%
Scott Templeton
25.6%
Sherrod
25%
Anthony Gray
24.9%
Odell Watkins
24.3%
Norman Wilson
22.6%
Alma Gutierrez
20.9%
Donette
20%
Donut
19.7%
'Monk' Metcalfe
19.4%
Theresa D'Agostino
17%
Nerese Campbell
16.3%
James Whiting
7%
Thomas Klebanow
6.3%
Mike Fletcher
6.2%
Michael Steintorf
5.7%
Remove Ads.
Support Sporcle.
Get the best of Sporcle when you Go Orange. This ad-free experience offers more features, more stats, and more fun while also helping to support Sporcle. Thank you for becoming a member.

You're not logged in!

Compare scores with friends on all Sporcle quizzes.
OR
Log In

Show Comments

Extras

Top Quizzes Today


Score Distribution

Your Account Isn't Verified!

In order to create a playlist on Sporcle, you need to verify the email address you used during registration. Go to your Sporcle Settings to finish the process.

Report this User

Report this user for behavior that violates our Community Guidelines.

Details: